00322nam a2200109Ia 4500008004100000245009000041260003500131260000900166300001000175500001100185650001600196170224s9999 xx 000 0 und d 4aThe effect of disgust and fear modeling on children’s disgust and fear for animals. bJournal of Abnormal Psychology c2014 a123:3 aAugust xPsychology.